Sports Quiz

Random Sports or Football Quiz

Division III Football National Champs 1973-2017 Quiz Stats

 Plays Quiz not verified by Sporcle

Score 0/45 Timer 10:00
0 Plays Today
Year Champion % Correct
1993Mount Union
100%
1996Mount Union
100%
1997Mount Union
100%
1998Mount Union
100%
2000Mount Union
100%
2001Mount Union
100%
2002Mount Union
100%
2005Mount Union
100%
2006Mount Union
100%
2008Mount Union
100%
2012Mount Union
100%
2015Mount Union
100%
2017Mount Union
100%
2007Wisconsin-Whitewater
96.9%
2009Wisconsin-Whitewater
96.9%
2010Wisconsin-Whitewater
96.9%
2011Wisconsin-Whitewater
96.9%
2013Wisconsin-Whitewater
96.9%
2014Wisconsin-Whitewater
96.9%
2016Mary Hardin-Baylor
93.2%
1979Ithaca
91.8%
1988Ithaca
91.8%
1991Ithaca
91.8%
Year Champion % Correct
1980Dayton
88.7%
1989Dayton
88.7%
1983Augustana (IL)
80.4%
1984Augustana (IL)
80.4%
1985Augustana (IL)
80.4%
1986Augustana (IL)
80.4%
1976St. John's (MN)
76.3%
2003St. John's (MN)
76.3%
1973Wittenberg
75.3%
1975Wittenberg
75.3%
1974Central (IA)
71.1%
2004Linfield
41.2%
1992Wisconsin-La Crosse
33%
1995Wisconsin-La Crosse
33%
1977Widener
30.9%
1981Widener
30.9%
1987Wagner
30.9%
1978Baldwin-Wallace
28.9%
1990Allegheny
28.9%
1994Albion
26.8%
1999Pacific Lutheran
25.8%
1982West Georgia
9.3%

You're not logged in!

Compare scores with friends on all Sporcle quizzes.
OR
Log In

Show Comments

Extras

Top Quizzes Today


Score Distribution

Your Account Isn't Verified!

In order to create a playlist on Sporcle, you need to verify the email address you used during registration. Go to your Sporcle Settings to finish the process.

Report this User

Report this user for behavior that violates our Community Guidelines.

Details: